Quasiconformal mappings and Sobolev spaces
Saved in:
| Main Author: | |
|---|---|
| Other Authors: | |
| Format: | Book |
| Language: | English Russian |
| Published: |
Dordrecht ; Boston :
Kluwer Academic Publishers,
c1990
|
| Series: | Mathematics and its applications. Soviet series ;
; 54 |
| Subjects: | |
| Tags: |
Add Tag
No Tags, Be the first to tag this record!
|
MARC
| LEADER | 00000cam a2200000 i 4500 | ||
|---|---|---|---|
| 001 | 1/42626 | ||
| 008 | 941103s1990 eng d | ||
| 020 | |a 0-7923-0543-4 | ||
| 035 | |l 10041814 | ||
| 035 | |a 1993 | ||
| 040 | |a GR-MY-UA |b gre |e aacr | ||
| 041 | 0 | |a eng |h rus | |
| 082 | 0 | |a 515 |2 (22) | |
| 100 | 1 | |a Goldshtein, V. M. |q (Vladimir Mikhailovich) | |
| 245 | 1 | 0 | |a Quasiconformal mappings and Sobolev spaces / |c by V.M. Gol'dshtein and Yu.G. Reshetnyak |
| 260 | |a Dordrecht ; Boston : |b Kluwer Academic Publishers, |c c1990 | ||
| 300 | |a xix, 371 σ.; |c 25 εκ. | ||
| 490 | 1 | |a Mathematics and its applications. Soviet series |v ; 54 | |
| 504 | |a Βιβλιογραφία: σ.362-368 | ||
| 650 | 0 | 0 | |a Quasiconformal mappings. |
| 650 | 0 | 0 | |a Functions. |
| 700 | 1 | |a Reshetniak, IUrii Grigorevich. | |
| 830 | 0 | |a Mathematics and its applications. Soviet series ; |v ; 54 | |
| 852 | |a INST |b SAMOS |e 19941103 |h 515 GOL |p 005300007359 |q 005300007359 |t BK |y 0 | ||
| 852 | |a INST |b SAMOS |e 20090128 |h 515 GOL |p 005300029504 |q 005300029504 |t BK |y 0 | ||
| 901 | |a BIBL3-2009-1 | ||
| 909 | |a Σ |b 030430 | ||
| 909 | |a Σ |b 030430 | ||
| 922 | |a 3ΕΛΗ |b 200808 |c ΕΠΕΑΕΚ-2/ΤΜΗΜΑ ΜΑΘΗΜΑΤΙΚΩΝ-ΠΡΟΠΤΥΧΙΑΚΟ |d ΜΙΧΑΛΟΠΟΥΛΟΣ | ||
| 970 | |a ΚΟΣΙΕΡΗΣ |b ΧΡΗΣΤΟΣ |z 2009/01/28 | ||